000 01784cab a2200277 ab4500
005 20250707173027.0
008 991125c2019 mx qr p o 000 0 spa d
035 _aUPN01000234858
040 _aMX-MxUPN
_bspa
_cMX-MxUPN
_eaacr2
049 _aART-E
100 1 _aBonilla Muñoz, Marco Antonio
_6- markko1993@hotmail.com
100 1 _aGrinberg, Silvia
245 1 3 _aLa escuela :
_bentre la contingencia y la aporía: ilegalismos populares y pobreza urbana
_h[recurso electrónico en línea]
506 0 _aAcceso abierto
520 3 _aEste trabajo se basa en resultados de una investigación realizada en una escuela secundaria en contexto de extrema pobreza urbana de la Región Metropolitana de Buenos Aires. Su objetivo es describir los ilegalismos populares atendiendo a sus efectos en la cotidianidad escolar: cómo se expresan en la vida escolar situaciones tales como tiroteos, microtráfico de drogas, acumulación ilegal de basura, apropiación de terrenos fiscales, entre otros modos de transgresión de la ley. A través de las nociones de contingencia, en tanto posibilidad, y de aporía, como aquello sin salida, el artículo procura dar cuenta del lugar particular que toma la escuela en la gestión de los ilegalismos. En las sociedades contemporáneas donde la vida de los jóvenes así como de la escuela quedan en un estado constante de precaridad. RMIE
653 0 _aEscolaridad
653 0 _aDelincuencia
653 0 _aPobreza extrema
653 0 _aMétodo etnográfico
653 0 _aArgentina
773 _gVol. 24, no. 80, (2019), p. 97-221
_tRevista mexicana de investigación educativa
_x1405-6666
856 _3https://ojs.rmie.mx/index.php/rmie/article/view/368
902 _aLeonor Sotres/070725
905 _aArticulo
942 _cART-E
999 _c206953
_d206953